000 01547cam a2200313 4500
001 ABS66272
008 021211n2002 000 0 eng u
035 _a(Sirsi) u120734
100 _aGoldberg, J
245 _aIt stands to reason
260 _c2002
490 _aEstates Gazette
_v(0245) 9 November 2002, 149-150(2)
520 _aArgues that landlords must act reasonably towards applications to assign or underlet. Uses a variety of cases to illustrate what is reasonable, reasonable refusals, reasonable information, and reasonableness of refusal. Concludes that objections must be lodged promptly, in writing and with good reasons. If response is delayed the landlord may be held in breach, and damages for delay or for unreasonably withholding consent may be payable.
590 _aABS
650 _aMIDLAND BANK PLC V CHART ENTERPRISES INC
650 _aDONG BANG MINERVA (UK) LTD V DAVINA LTD
650 _aFOOTWEAR CORPORATION LTD V AMPLIGHT PROPERTIES LTD
650 _aBLOCKBUSTER ENTERTAINMENT LTD V LEAKCLIFF PROPERTIES LTD
650 _aNORWICH UNION LIFE INSURANCE SOCIETY V SHOPMOOR LTD
650 _aCIN PROPERTIES LTD V GILL
650 _aKENED LTD V CONNIE INVESTMENTS LTD
650 _aSTRAUDLEY INVESTMENTS LTD V MOUNT EDEN LAND LTD
650 _aHOMEBASE LTD AND ANOTHER V ALLIED DUNBAR ASSURANCE PLC
650 _aASHWORTH FRAZER LTD V GLOUCESTER CITY COUNCIL
650 _aUNDERLETTING
650 _aLANDLORD AND TENANT ACT 1988
690 _aLANDLORD AND TENANT-LEASES-CASE LAW
942 _n0
999 _c71745
_d71745